[Event "33. Open Ciudad de San Sebastian"]
[Site "San Sebastián ESP"]
[Date "2010.03.30"]
[Round "3.24"]
[White "Andersen, Alf R"]
[Black "Garro Beraza, Haritz"]
[Result "1/2-1/2"]
[WhiteElo "2185"]
[BlackElo "2075"]
[PlyCount "33"]
[EventDate "2010.03.28"]
[EventType "swiss"]
[EventRounds "9"]
[EventCountry "ESP"]
[Source "lmi"]
[SourceDate "2010.03.28"]

1. e4 c5 2. Nf3 d6 3. d4 cxd4 4. Qxd4 Nc6 5. Bb5 Bd7 6. Bxc6 Bxc6 7. Nc3 e6 8.
Bg5 Nf6 9. O-O Be7 10. b4 Qc7 11. b5 Bd7 12. a4 O-O 13. Rad1 Rfc8 14. Rd3 Be8
15. e5 dxe5 16. Qh4 Qc4 17. Qxc4 1/2-1/2

[Event "33. Open Ciudad de San Sebastian"]
[Site "San Sebastián ESP"]
[Date "2010.03.30"]
[Round "3.25"]
[White "Perez Cameselle, Francisco"]
[Black "Ledger, Andrew J"]
[Result "0-1"]
[WhiteElo "1958"]
[BlackElo "2431"]
[PlyCount "52"]
[EventDate "2010.03.28"]
[EventType "swiss"]
[EventRounds "9"]
[EventCountry "ESP"]
[Source "lmi"]
[SourceDate "2010.03.28"]

1. d4 Nf6 2. Nf3 g6 3. g3 Bg7 4. Bg2 O-O 5. O-O d5 6. c4 dxc4 7. Nc3 c6 8. Ne5
Ng4 9. Nxg4 Bxg4 10. h3 Be6 11. e3 Qd7 12. Kh2 Rd8 13. Ne4 Na6 14. Qa4 Bd5 15.
Nd2 Bxg2 16. Kxg2 c5 17. Qxd7 Rxd7 18. dxc5 c3 19. Nc4 Nxc5 20. bxc3 Rc8 21.
Ba3 Ne4 22. Na5 Rxc3 23. Bb2 Rc2 24. Bxg7 Kxg7 25. Nb3 e5 26. a4 Rd3 0-1

[Event "33. Open Ciudad de San Sebastian"]
[Site "San Sebastián ESP"]
[Date "2010.03.30"]
[Round "3.27"]
[White "Hernandez Lopez, Daniel"]
[Black "Alonso Arburu, Juan Ignacio"]
[Result "1-0"]
[WhiteElo "1955"]
[BlackElo "2372"]
[PlyCount "39"]
[EventDate "2010.03.28"]
[EventType "swiss"]
[EventRounds "9"]
[EventCountry "ESP"]
[Source "lmi"]
[SourceDate "2010.03.28"]

1. e4 c5 2. Nf3 e6 3. d3 Nc6 4. g3 d5 5. Nbd2 Nf6 6. Bg2 dxe4 7. dxe4 b6 8. O-O
Ba6 9. Re1 Qc7 10. c4 Be7 11. b3 O-O 12. e5 Nd7 13. Bb2 Rfd8 14. Qe2 Nf8 15.
Ne4 Ng6 16. h4 Nd4 17. Nxd4 cxd4 18. Nd6 Rab8 19. Bxd4 Nxe5 20. Nb5 1-0

[Event "33. Open Ciudad de San Sebastian"]
[Site "San Sebastián ESP"]
[Date "2010.03.30"]
[Round "3.28"]
[White "Nelson, Jonathan P"]
[Black "Bello Castano, Diego"]
[Result "1-0"]
[WhiteElo "2245"]
[BlackElo "1911"]
[PlyCount "53"]
[EventDate "2010.03.28"]
[EventType "swiss"]
[EventRounds "9"]
[EventCountry "ESP"]
[Source "lmi"]
[SourceDate "2010.03.28"]

1. e4 c6 2. d4 d5 3. exd5 cxd5 4. c4 Nf6 5. Nc3 e6 6. Nf3 Nc6 7. cxd5 Nxd5 8.
Bc4 Be7 9. O-O O-O 10. Re1 a6 11. Bb3 b5 12. Nxd5 exd5 13. Ne5 Nxe5 14. Rxe5
Be6 15. Qh5 Bf6 16. Bg5 Rc8 17. Rae1 Bxg5 18. Rxg5 f6 19. Rg3 Bf7 20. Qg4 g6
21. Rge3 Rc7 22. Qf4 Kg7 23. h4 h6 24. Rf3 a5 25. a4 b4 26. Kh2 Re7 27. Qxf6+
1-0

[Event "33. Open Ciudad de San Sebastian"]
[Site "San Sebastián ESP"]
[Date "2010.03.30"]
[Round "3.30"]
[White "Griffiths, Ryan Rhys"]
[Black "Fernandez Zubitur, Jokin"]
[Result "1-0"]
[WhiteElo "2195"]
[BlackElo "1908"]
[PlyCount "105"]
[EventDate "2010.03.28"]
[EventType "swiss"]
[EventRounds "9"]
[EventCountry "ESP"]
[Source "lmi"]
[SourceDate "2010.03.28"]

1. e4 e5 2. Nf3 Nc6 3. d4 exd4 4. Nxd4 Bc5 5. Nxc6 Qf6 6. Qd2 dxc6 7. Nc3 Be6
8. Na4 Rd8 9. Bd3 Bd4 10. c3 Bxf2+ 11. Qxf2 Rxd3 12. Qxf6 Nxf6 13. Nc5 Rd8 14.
Nxb7 Rb8 15. Nc5 Rb5 16. b4 Nxe4 17. a4 Rxc5 18. bxc5 Bc4 19. Bf4 O-O 20. Bxc7
Re8 21. O-O-O Nf2 22. Rd4 Nxh1 23. Rxc4 Re2 24. Bb6 a6 25. Rd4 Kf8 26. Rd6 Re6
27. Rd8+ Re8 28. Rd2 Re1+ 29. Kc2 g5 30. Kb3 g4 31. Kb4 g3 32. hxg3 Nxg3 33.
Ka5 Ne4 34. Rd4 Nxc3 35. Kxa6 Re7 36. Bd8 Re8 37. Kb7 Nxa4 38. Kxc6 Re6+ 39.
Rd6 Kg7 40. Rxe6 fxe6 41. Kd6 Nxc5 42. Kxc5 Kg6 43. Kd4 Kf5 44. Ke3 Kg4 45. Kf2
h5 46. Kg1 h4 47. Kh2 e5 48. Bb6 e4 49. Be3 h3 50. gxh3+ Kf3 51. Bb6 e3 52.
Bxe3 Kxe3 53. Kg3 1-0

[Event "33. Open Ciudad de San Sebastian"]
[Site "San Sebastián ESP"]
[Date "2010.03.30"]
[Round "3.31"]
[White "Severri Arrese, Carlos"]
[Black "Aranaz Portugues, Jose Carlos"]
[Result "0-1"]
[WhiteElo "1925"]
[BlackElo "2169"]
[PlyCount "88"]
[EventDate "2010.03.28"]
[EventType "swiss"]
[EventRounds "9"]
[EventCountry "ESP"]
[Source "lmi"]
[SourceDate "2010.03.28"]

1. d4 f5 2. Bg5 h6 3. Bf4 Nf6 4. Nc3 e6 5. e3 Bb4 6. a3 Bxc3+ 7. bxc3 O-O 8. c4
d6 9. Bg3 Qe7 10. Nf3 Bd7 11. Bd3 Qf7 12. c5 Ne8 13. Rb1 Bc6 14. c4 Nd7 15. Qc2
dxc5 16. O-O Bxf3 17. gxf3 b6 18. f4 cxd4 19. exd4 c5 20. d5 exd5 21. cxd5 Nd6
22. Rfe1 Rae8 23. Re5 c4 24. Bf1 Nxe5 25. fxe5 f4 26. exd6 fxg3 27. hxg3 Rd8
28. Rb4 Rxd6 29. Bxc4 Qf6 30. Ba2 Qf5 31. Qd2 g5 32. Bb1 Qd7 33. Rd4 Rc8 34.
Qd3 Qf7 35. Kg2 Rf6 36. f4 gxf4 37. Rxf4 Rxf4 38. gxf4 Qg7+ 39. Qg6 Qxg6+ 40.
Bxg6 Kg7 41. Be4 Rc3 42. d6 Kf6 43. f5 Rxa3 44. d7 Ra2+ 0-1

[Event "33. Open Ciudad de San Sebastian"]
[Site "San Sebastián ESP"]
[Date "2010.03.30"]
[Round "3.32"]
[White "Diez Fraile, David"]
[Black "Nogues Fernandez, Ramon"]
[Result "1-0"]
[WhiteElo "2168"]
[BlackElo "1894"]
[PlyCount "25"]
[EventDate "2010.03.28"]
[EventType "swiss"]
[EventRounds "9"]
[EventCountry "ESP"]
[Source "lmi"]
[SourceDate "2010.03.28"]

1. e4 d5 2. exd5 Nf6 3. Nf3 Qxd5 4. d4 Bg4 5. Be2 Nc6 6. O-O O-O-O 7. Be3 e6 8.
c4 Qf5 9. Nc3 Be7 10. a3 Rd7 11. b4 Rhd8 12. Qa4 Kb8 13. d5 1-0

[Event "33. Open Ciudad de San Sebastian"]
[Site "San Sebastián ESP"]
[Date "2010.03.30"]
[Round "3.33"]
[White "Fuente San Sebastian, Ernesto"]
[Black "Hagemann, Tim Dr"]
[Result "0-1"]
[WhiteElo "1897"]
[BlackElo "2164"]
[PlyCount "52"]
[EventDate "2010.03.28"]
[EventType "swiss"]
[EventRounds "9"]
[EventCountry "ESP"]
[Source "lmi"]
[SourceDate "2010.03.28"]

1. e4 e6 2. d4 d5 3. Nd2 Nf6 4. e5 Nfd7 5. Bd3 c5 6. c3 Nc6 7. Ne2 Qb6 8. Nf3
cxd4 9. cxd4 f6 10. exf6 Nxf6 11. O-O Bd6 12. Bf4 Bxf4 13. Nxf4 O-O 14. Qd2 Bd7
15. Rfe1 Rae8 16. Rad1 Re7 17. Ng5 Rfe8 18. Re3 Qxd4 19. Bxh7+ Nxh7 20. Qc2
Nxg5 21. Rxd4 Nxd4 22. Qg6 Rc8 23. h4 Ne4 24. h5 Be8 25. Qg5 Rc1+ 26. Kh2 Rh1+
0-1

[Event "33. Open Ciudad de San Sebastian"]
[Site "San Sebastián ESP"]
[Date "2010.03.30"]
[Round "3.34"]
[White "Ros Eskisabel, Jose Ramon"]
[Black "Baroja Arrue, Miguel Maria"]
[Result "0-1"]
[WhiteElo "2143"]
[BlackElo "1875"]
[PlyCount "84"]
[EventDate "2010.03.28"]
[EventType "swiss"]
[EventRounds "9"]
[EventCountry "ESP"]
[Source "lmi"]
[SourceDate "2010.03.28"]

1. e4 Nf6 2. e5 Nd5 3. d4 d6 4. Nf3 dxe5 5. Nxe5 c6 6. Bc4 Bf5 7. O-O e6 8. c3
Nb6 9. Be2 N8d7 10. Bf4 Nxe5 11. Bxe5 Nd7 12. Bg3 Be7 13. Nd2 O-O 14. Bf3 Nb6
15. a4 Bd6 16. a5 Bxg3 17. hxg3 Nd5 18. a6 b6 19. Nc4 Rc8 20. Ne5 Qd6 21. Qe2
Rfd8 22. Rfd1 h6 23. Bh5 Rc7 24. Qe1 f6 25. Nc4 Qd7 26. Bf3 Qf7 27. Qe2 Re7 28.
Re1 Qe8 29. Bh5 g6 30. Bf3 h5 31. Be4 Qd7 32. Qd2 Rh7 33. Qe2 Kf7 34. f3 g5 35.
Bxf5 exf5 36. Kf2 h4 37. gxh4 Rxh4 38. Rh1 Rdh8 39. Rxh4 Rxh4 40. Re1 Nf4 41.
Nd6+ Kg6 42. Nxf5 Nxe2 0-1

[Event "33. Open Ciudad de San Sebastian"]
[Site "San Sebastián ESP"]
[Date "2010.03.30"]
[Round "3.35"]
[White "Garro Beraza, Julen"]
[Black "Corral Sierra, Javier"]
[Result "0-1"]
[WhiteElo "1881"]
[BlackElo "2123"]
[PlyCount "92"]
[EventDate "2010.03.28"]
[EventType "swiss"]
[EventRounds "9"]
[EventCountry "ESP"]
[Source "lmi"]
[SourceDate "2010.03.28"]

1. e4 e6 2. d3 d5 3. Nd2 c5 4. Ngf3 Nc6 5. g3 g6 6. Bg2 Bg7 7. O-O Nge7 8. Re1
O-O 9. h4 h6 10. e5 f5 11. exf6 Rxf6 12. Nb3 Qd6 13. Be3 b6 14. Qd2 Kh7 15. Bf4
Rxf4 16. gxf4 Bxb2 17. Rab1 Bf6 18. Re2 Bd7 19. Rbe1 Rf8 20. Bh3 Nd8 21. Ne5
Bc8 22. h5 gxh5 23. Re3 h4 24. Qe2 Rg8+ 25. Kh1 d4 26. Re4 Bb7 27. Qh5 Bxe5 28.
fxe5 Qd7 29. Nd2 Rg5 30. Qf3 Ng6 31. Rg1 Nf7 32. Qf6 Nf8 33. Rxg5 Nxg5 34. Bg2
h3 35. Bf3 Nxf3 36. Qxf3 Ng6 37. Qg3 Qf7 38. Kh2 Bxe4 39. Nxe4 Qf5 40. Nf6+ Kg7
41. Nd7 Kf7 42. Qxh3 Qxh3+ 43. Kxh3 Ke7 44. Nb8 Nxe5 45. f4 Ng6 46. Kg4 Kd6 0-1

[Event "33. Open Ciudad de San Sebastian"]
[Site "San Sebastián ESP"]
[Date "2010.03.30"]
[Round "3.36"]
[White "Torres Ganuza, Fco  Javier"]
[Black "Tung, Siu Hung"]
[Result "1-0"]
[WhiteElo "2109"]
[BlackElo "1864"]
[PlyCount "75"]
[EventDate "2010.03.28"]
[EventType "swiss"]
[EventRounds "9"]
[EventCountry "ESP"]
[Source "lmi"]
[SourceDate "2010.03.28"]

1. d4 g6 2. c4 Bg7 3. e4 d6 4. f4 Nf6 5. Nc3 O-O 6. Nf3 c5 7. d5 e6 8. Be2 exd5
9. cxd5 Re8 10. Nd2 Qa5 11. O-O Na6 12. a4 Nb4 13. Nc4 Qd8 14. Bf3 Re7 15. Re1
Ne8 16. Kh1 b6 17. e5 Bf5 18. Ne3 Bd3 19. Na2 Nxa2 20. Rxa2 Ba6 21. e6 Rb8 22.
f5 Nf6 23. Ng4 Nxg4 24. Bxg4 Bd4 25. exf7+ Rxf7 26. fxg6 Rg7 27. gxh7+ Kh8 28.
b3 Qh4 29. Bh3 Rf8 30. Be6 Rxh7 31. h3 Qf6 32. Be3 Bc3 33. Rf2 Qg7 34. Rxf8+
Qxf8 35. Bd2 Bd4 36. Qf3 Qg7 37. Re4 Qe7 38. Bg5 1-0

[Event "33. Open Ciudad de San Sebastian"]
[Site "San Sebastián ESP"]
[Date "2010.03.30"]
[Round "3.37"]
[White "Zaballa Zarzosa, Jon"]
[Black "Guijarro Galan, Jose Luis"]
[Result "0-1"]
[WhiteElo "1872"]
[BlackElo "2104"]
[PlyCount "70"]
[EventDate "2010.03.28"]
[EventType "swiss"]
[EventRounds "9"]
[EventCountry "ESP"]
[Source "lmi"]
[SourceDate "2010.03.28"]

1. d4 e6 2. c4 f5 3. Nc3 Nf6 4. Nf3 b6 5. Bg5 Bb7 6. e3 Be7 7. Be2 d6 8. Qc2
Nbd7 9. Rd1 Ne4 10. Bxe7 Qxe7 11. Nxe4 fxe4 12. Nd2 O-O 13. Nxe4 Rf7 14. O-O
Raf8 15. f4 Bxe4 16. Qxe4 Nf6 17. Qf3 d5 18. Bd3 Qb4 19. b3 c5 20. Qh3 Re7 21.
Qh4 Rfe8 22. Rf3 dxc4 23. Bxc4 b5 24. a3 Qxa3 25. Bxb5 Qxb3 26. Be2 c4 27. Rdf1
c3 28. e4 Nxe4 29. Bd3 Qd5 30. f5 exf5 31. Rxf5 Qxd4+ 32. Kh1 Qxd3 33. R1f3
Qd1+ 34. Rf1 c2 35. Qxe7 Qxf1+ 0-1

[Event "33. Open Ciudad de San Sebastian"]
[Site "San Sebastián ESP"]
[Date "2010.03.30"]
[Round "3.38"]
[White "Korhonen, Pasi"]
[Black "Buiza Prieto, Aizbeltz"]
[Result "1-0"]
[WhiteElo "2102"]
[BlackElo "1812"]
[PlyCount "91"]
[EventDate "2010.03.28"]
[EventType "swiss"]
[EventRounds "9"]
[EventCountry "ESP"]
[Source "lmi"]
[SourceDate "2010.03.28"]

1. e4 c5 2. Nf3 d6 3. d4 cxd4 4. Nxd4 Nf6 5. Nc3 a6 6. Be3 e6 7. Be2 Qc7 8. O-O
Nc6 9. f4 Be7 10. Bf3 Bd7 11. a4 b6 12. e5 dxe5 13. Nxc6 Bxc6 14. fxe5 Nd7 15.
Bf4 Rc8 16. Bxc6 Qxc6 17. Qg4 g5 18. Bg3 h5 19. Qe2 Qc4 20. Qf3 Rh7 21. Rae1 g4
22. Qd1 Qb4 23. Qd3 Rg7 24. Qxa6 Qc4 25. Qxc4 Rxc4 26. Re4 Rxe4 27. Nxe4 h4 28.
Bf4 h3 29. Rd1 Nc5 30. Nc3 Bg5 31. Bg3 Be3+ 32. Kf1 f5 33. exf6 Rf7 34. gxh3
gxh3 35. Ke2 Bg5 36. b4 Bxf6 37. bxc5 Bxc3 38. cxb6 Ba5 39. Bc7 Rg7 40. Rd4
Rg2+ 41. Kd3 Rd2+ 42. Kc4 Rxc2+ 43. Kb5 Rxc7 44. Kxa5 Rc2 45. b7 Rb2 46. Rb4
1-0

[Event "33. Open Ciudad de San Sebastian"]
[Site "San Sebastián ESP"]
[Date "2010.03.30"]
[Round "3.39"]
[White "Izagirre Alsua, Aritz"]
[Black "Lakunza Plazaola, Asier"]
[Result "0-1"]
[WhiteElo "1820"]
[BlackElo "2093"]
[PlyCount "72"]
[EventDate "2010.03.28"]
[EventType "swiss"]
[EventRounds "9"]
[EventCountry "ESP"]
[Source "lmi"]
[SourceDate "2010.03.28"]

1. e4 c5 2. Nc3 Nc6 3. g3 g6 4. Bg2 Bg7 5. d3 d6 6. f4 e6 7. Nf3 Nge7 8. O-O
O-O 9. Be3 Nd4 10. Qd2 Nec6 11. Nd1 d5 12. Ne1 b6 13. c3 Nb5 14. e5 Ba6 15. Bf2
Qd7 16. Nf3 Rac8 17. h3 d4 18. c4 Nc7 19. Ng5 f6 20. exf6 Bxf6 21. Ne4 Bg7 22.
Kh1 e5 23. fxe5 Nxe5 24. Qe2 Bb7 25. a3 Rce8 26. Kh2 Ne6 27. b4 Kh8 28. Nb2
Bxe4 29. Qxe4 Ng5 30. Qd5 Nef3+ 31. Kh1 Qc8 32. b5 Rf6 33. Bxd4 cxd4 34. Rxf3
Nxf3 35. Bxf3 Qxh3+ 36. Kg1 Bh6 0-1

[Event "33. Open Ciudad de San Sebastian"]
[Site "San Sebastián ESP"]
[Date "2010.03.30"]
[Round "3.41"]
[White "D'amade, Philippe"]
[Black "Uriarte Prieto, Goyo"]
[Result "0-1"]
[WhiteElo "1810"]
[BlackElo "2086"]
[PlyCount "40"]
[EventDate "2010.03.28"]
[EventType "swiss"]
[EventRounds "9"]
[EventCountry "ESP"]
[Source "lmi"]
[SourceDate "2010.03.28"]

1. e4 e6 2. d4 d5 3. e5 c5 4. c3 Nc6 5. Nf3 Qb6 6. Be2 cxd4 7. cxd4 Bb4+ 8. Nc3
Nh6 9. Bxh6 gxh6 10. O-O Bd7 11. a3 Bf8 12. b4 Bg7 13. Qd2 O-O 14. Bd3 f5 15.
exf6 Rxf6 16. Ne5 Nxe5 17. dxe5 Rf7 18. Rac1 Raf8 19. Nd1 Bxe5 20. Qxh6 Bf4 0-1

[Event "33. Open Ciudad de San Sebastian"]
[Site "San Sebastián ESP"]
[Date "2010.03.30"]
[Round "3.43"]
[White "D Anna Razzetti, Juan Pablo"]
[Black "Pasanen, Tuomo"]
[Result "1/2-1/2"]
[WhiteElo "1804"]
[BlackElo "2041"]
[PlyCount "96"]
[EventDate "2010.03.28"]
[EventType "swiss"]
[EventRounds "9"]
[EventCountry "ESP"]
[Source "lmi"]
[SourceDate "2010.03.28"]

1. d4 d5 2. c4 c6 3. e3 Nf6 4. Nc3 Bf5 5. Qb3 Qb6 6. Qxb6 axb6 7. cxd5 Nxd5 8.
Nxd5 cxd5 9. Nf3 Nc6 10. Bb5 f6 11. O-O e6 12. a3 Bd6 13. Bd2 Ke7 14. Bc3 g5
15. Rac1 h5 16. Rfd1 h4 17. Be1 Na7 18. Bf1 g4 19. Nd2 Rhc8 20. e4 Bxe4 21.
Nxe4 dxe4 22. Bc3 f5 23. Re1 g3 24. f3 gxh2+ 25. Kh1 Bg3 26. Re2 exf3 27. gxf3
Kd7 28. Rd1 Rd8 29. d5 exd5 30. Bf6 Re8 31. Red2 Kc6 32. Rc2+ Kd6 33. Rcd2 Ke6
34. Bd4 Bf4 35. Rd3 Bc7 36. Bf2 Nc6 37. Bxh4 d4 38. b4 b5 39. Rb3 Kf7 40. Bxb5
Bf4 41. Bxc6 bxc6 42. Rxd4 Be5 43. Rc4 Rg8 44. f4 Rg4 45. Bg3 Rag8 46. Rxc6
Bxf4 47. Bxf4 Rxf4 48. Kxh2 Rfg4 1/2-1/2

[Event "33. Open Ciudad de San Sebastian"]
[Site "San Sebastián ESP"]
[Date "2010.03.30"]
[Round "3.44"]
[White "Iglesias Gonzalez, Veronica"]
[Black "Fehr, Jukka"]
[Result "1-0"]
[WhiteElo "1803"]
[BlackElo "2024"]
[PlyCount "89"]
[EventDate "2010.03.28"]
[EventType "swiss"]
[EventRounds "9"]
[EventCountry "ESP"]
[Source "lmi"]
[SourceDate "2010.03.28"]

1. c4 e5 2. Nc3 f5 3. d3 Nf6 4. Bg5 Be7 5. Nf3 d6 6. e4 O-O 7. exf5 Bxf5 8. Qb3
Nbd7 9. c5+ Kh8 10. cxd6 cxd6 11. d4 exd4 12. Nxd4 Nc5 13. Qd1 Nfe4 14. Be3 Qa5
15. Nb3 Qb4 16. Bxc5 dxc5 17. a3 Nxc3 18. axb4 Nxd1 19. Rxd1 Bc2 20. Rd7 Rae8
21. Bc4 Bh4+ 22. Kd2 Rxf2+ 23. Kc1 Bg5+ 24. Nd2 Ba4 25. b5 Rxd2 26. Rxd2 Rd8
27. b3 Rxd2 28. Kb1 Rd4 29. Re1 g6 30. Re8+ Kg7 31. Rb8 a6 32. Rxb7+ Kh6 33.
Bg8 Rd1+ 34. Kc2 Bxb3+ 35. Kxb3 Kh5 36. Rxh7+ Kg4 37. bxa6 Ra1 38. a7 Be3 39.
Kc4 Ra4+ 40. Kd3 Bg1 41. Bc4 Ra3+ 42. Ke4 Ra4 43. Kd3 Bxh2 44. Bd5 c4+ 45. Kc2
1-0

[Event "33. Open Ciudad de San Sebastian"]
[Site "San Sebastián ESP"]
[Date "2010.03.30"]
[Round "3.45"]
[White "Tome Vazquez, Oscar"]
[Black "Navascues Zabaleta, Jesus"]
[Result "1-0"]
[WhiteElo "2015"]
[BlackElo "1800"]
[PlyCount "55"]
[EventDate "2010.03.28"]
[EventType "swiss"]
[EventRounds "9"]
[EventCountry "ESP"]
[Source "lmi"]
[SourceDate "2010.03.28"]

1. d4 d5 2. c4 e6 3. Nc3 Nf6 4. cxd5 exd5 5. Bg5 Nbd7 6. e3 Be7 7. Qc2 O-O 8.
Bd3 Re8 9. Nge2 c6 10. O-O Nf8 11. f3 h6 12. Bh4 Ne6 13. Rad1 g5 14. Bf2 Bd6
15. e4 dxe4 16. fxe4 Ng4 17. e5 Nxf2 18. Rxf2 Bc7 19. Qd2 Bb6 20. Bc2 Qc7 21.
Qd3 Nf8 22. Ne4 Re7 23. Kh1 Kg7 24. Qf3 Kg8 25. Nd6 Be6 26. Qf6 Bd5 27. Nf5 Ng6
28. Qg7# 1-0

[Event "33. Open Ciudad de San Sebastian"]
[Site "San Sebastián ESP"]
[Date "2010.03.30"]
[Round "3.46"]
[White "Bas Mas, Miguel"]
[Black "Segura Del Frago, Imanol"]
[Result "1-0"]
[WhiteElo "1801"]
[BlackElo "2010"]
[PlyCount "157"]
[EventDate "2010.03.28"]
[EventType "swiss"]
[EventRounds "9"]
[EventCountry "ESP"]
[Source "lmi"]
[SourceDate "2010.03.28"]

1. e4 e5 2. Nf3 Nc6 3. Bb5 f5 4. d3 Nf6 5. Bg5 h6 6. Bxf6 Qxf6 7. Nbd2 Bc5 8.
O-O f4 9. Nb3 Bb6 10. c3 O-O 11. d4 d6 12. dxe5 Nxe5 13. Nxe5 dxe5 14. Be2 Qg5
15. Kh1 Be6 16. Bf3 Bc4 17. Be2 Bxe2 18. Qxe2 f3 19. gxf3 Qh5 20. Nd2 Rf4 21.
Rg1 Rh4 22. Rg2 Rf8 23. Rag1 Kh8 24. Nf1 g5 25. Nd2 Qf7 26. a3 Qf4 27. Nc4 c6
28. Rg3 Rd8 29. Nxb6 axb6 30. Rd1 Qf6 31. Rd3 Rf4 32. Qd1 Rxd3 33. Qxd3 Kg7 34.
Qd7+ Qf7 35. Qd6 Qf6 36. Qd7+ Qf7 37. Qd6 Qe8 38. Qc7+ Rf7 39. Qxb6 Qd7 40. Qe3
Qd1+ 41. Rg1 Qc2 42. Qc5 Rf6 43. Qe7+ Kg6 44. Qe8+ Rf7 45. Qxe5 Qxf2 46. Qe6+
Kg7 47. Qe5+ Kh7 48. Qg3 Qxb2 49. h4 Qxc3 50. hxg5 Qxf3+ 51. Qxf3 Rxf3 52. gxh6
Kxh6 53. Rb1 b5 54. Rc1 Rf6 55. Rc5 Rg6 56. Kh2 Kg7 57. Rc3 Kf7 58. Kh3 Ke7 59.
Rf3 Kd6 60. a4 b4 61. Rf1 c5 62. a5 Ke5 63. Rf5+ Kd4 64. e5 b3 65. Rf6 Rg8 66.
Rb6 c4 67. e6 Kc3 68. a6 Ra8 69. e7 b2 70. a7 Kc2 71. Rb8 Rxa7 72. e8=Q Ra3+
73. Kh4 c3 74. Qe2+ Kb1 75. Qd1+ Ka2 76. Qc2 Ka1 77. Qd1+ Ka2 78. Rb4 c2 79.
Qxc2 1-0

[Event "33. Open Ciudad de San Sebastian"]
[Site "San Sebastián ESP"]
[Date "2010.03.30"]
[Round "3.48"]
[White "Aguado Zabaleta, Felix"]
[Black "Torres, Patrice"]
[Result "0-1"]
[WhiteElo "1775"]
[BlackElo "2003"]
[PlyCount "108"]
[EventDate "2010.03.28"]
[EventType "swiss"]
[EventRounds "9"]
[EventCountry "ESP"]
[Source "lmi"]
[SourceDate "2010.03.28"]

1. d4 d5 2. c4 c6 3. Nc3 Nf6 4. Nf3 e6 5. cxd5 exd5 6. Bg5 Nbd7 7. e3 Qa5 8.
Bxf6 Nxf6 9. Bd3 Bd6 10. h3 O-O 11. Qc2 Re8 12. Ng5 h6 13. Nxf7 Kxf7 14. Bg6+
Kf8 15. Bxe8 Kxe8 16. O-O Kf7 17. e4 Nxe4 18. Nxe4 dxe4 19. Qxe4 Be6 20. Rfe1
Qd5 21. f3 Rd8 22. Re2 Bb4 23. Qf4+ Kg8 24. a3 Ba5 25. Re5 Qd6 26. Qe3 Bb6 27.
Rd1 Bf7 28. Re4 Bc7 29. f4 Bd5 30. Re8+ Rxe8 31. Qxe8+ Kh7 32. g3 Qf6 33. Qe3
Qg6 34. Kf2 Qf5 35. Re1 Bb6 36. g4 Qf6 37. Rd1 Bc7 38. Kg3 g5 39. Qd3+ Kg7 40.
Qf5 Bxf4+ 41. Kf2 Qxf5 42. gxf5 Kf6 43. Re1 Kxf5 44. Re7 h5 45. Rxb7 Ke4 46.
Rxa7 g4 47. hxg4 hxg4 48. Re7+ Kxd4 49. a4 g3+ 50. Kg1 Be3+ 51. Rxe3 Kxe3 52.
b4 Kd4 53. b5 c5 54. b6 c4 0-1

[Event "33. Open Ciudad de San Sebastian"]
[Site "San Sebastián ESP"]
[Date "2010.03.30"]
[Round "3.49"]
[White "Lopez Heras, Arturo"]
[Black "Bayrakdar Bianco, Philippe"]
[Result "1-0"]
[WhiteElo "2001"]
[BlackElo "1745"]
[PlyCount "51"]
[EventDate "2010.03.28"]
[EventType "swiss"]
[EventRounds "9"]
[EventCountry "ESP"]
[Source "lmi"]
[SourceDate "2010.03.28"]

1. e4 c6 2. d4 d5 3. e5 Bf5 4. Nd2 Qb6 5. Nb3 e6 6. Nf3 Nd7 7. Be2 c5 8. c3 Rc8
9. O-O cxd4 10. Nbxd4 g6 11. Nxf5 gxf5 12. Qb3 Qc7 13. Be3 a6 14. Rac1 Ne7 15.
c4 d4 16. Bxd4 Nc6 17. Bc3 Bh6 18. Rcd1 Bf4 19. g3 Rg8 20. Kh1 Bxe5 21. Nxe5
Ncxe5 22. Qa4 Qc6+ 23. Qxc6 Rxc6 24. b3 f6 25. Rd2 Kf7 26. f4 1-0

[Event "33. Open Ciudad de San Sebastian"]
[Site "San Sebastián ESP"]
[Date "2010.03.30"]
[Round "3.50"]
[White "Lazkano Gaite, Tomas"]
[Black "Segovia Sanchez, Antonio"]
[Result "0-1"]
[WhiteElo "1741"]
[BlackElo "1998"]
[PlyCount "76"]
[EventDate "2010.03.28"]
[EventType "swiss"]
[EventRounds "9"]
[EventCountry "ESP"]
[Source "lmi"]
[SourceDate "2010.03.28"]

1. d4 d5 2. Nf3 Nf6 3. c4 c6 4. Nc3 e6 5. Bg5 Nbd7 6. e3 Be7 7. Bd3 dxc4 8.
Bxc4 b5 9. Bb3 Bb7 10. a3 O-O 11. O-O h6 12. Bh4 a6 13. h3 c5 14. dxc5 Nxc5 15.
Ba2 Qc7 16. Qe2 Rfd8 17. Rfd1 Qc6 18. Qf1 Nce4 19. Nd4 Qb6 20. Rac1 Rac8 21.
Nxe4 Bxe4 22. Bg3 Bb7 23. f3 Bd5 24. Rxc8 Rxc8 25. Nf5 Bc5 26. Bxd5 Nxd5 27.
Bf2 Nxe3 28. Nxe3 Bxe3 29. Bxe3 Qxe3+ 30. Kh1 Rc2 31. b4 Qxa3 32. Rd8+ Kh7 33.
Kh2 Qc3 34. Rd7 Qe5+ 35. f4 Qf5 36. Qf3 Rc4 37. Kg3 e5 38. Qd3 Rc3 0-1

[Event "33. Open Ciudad de San Sebastian"]
[Site "San Sebastián ESP"]
[Date "2010.03.30"]
[Round "3.51"]
[White "Sanchez Merino, Christian"]
[Black "Navarrete Espi, Samuel"]
[Result "0-1"]
[WhiteElo "1623"]
[BlackElo "1992"]
[PlyCount "50"]
[EventDate "2010.03.28"]
[EventType "swiss"]
[EventRounds "9"]
[EventCountry "ESP"]
[Source "lmi"]
[SourceDate "2010.03.28"]

1. e4 e5 2. Nf3 Nc6 3. Bc4 Bc5 4. c3 Nf6 5. d4 exd4 6. cxd4 Bb4+ 7. Bd2 Bxd2+
8. Nbxd2 d5 9. exd5 Nxd5 10. O-O O-O 11. a3 Bg4 12. Nb3 a5 13. Kh1 a4 14. Nc5
b6 15. Nxa4 Nf4 16. Nc3 Re8 17. Bb5 Qf6 18. d5 Ne5 19. Ne4 Qg6 20. Nxe5 Rxe5
21. f3 Bh3 22. Ng3 Bxg2+ 23. Kg1 Bxf1 24. Qxf1 h5 25. Qb1 Qg5 0-1

[Event "33. Open Ciudad de San Sebastian"]
[Site "San Sebastián ESP"]
[Date "2010.03.30"]
[Round "3.54"]
[White "Martinez Pelaez, David"]
[Black "Cendagortagalarza Rodriguez, Jo"]
[Result "1-0"]
[WhiteElo "1960"]
[BlackElo "1685"]
[PlyCount "91"]
[EventDate "2010.03.28"]
[EventType "swiss"]
[EventRounds "9"]
[EventCountry "ESP"]
[Source "lmi"]
[SourceDate "2010.03.28"]

1. d4 g6 2. e4 Bg7 3. Nc3 d6 4. Be3 Nc6 5. Qd2 e5 6. Nge2 Bd7 7. f3 h5 8. O-O-O
b5 9. Nd5 a5 10. dxe5 Nxe5 11. Nd4 c6 12. Nxc6 Bxc6 13. Bb6 Bh6 14. f4 Qd7 15.
Nc7+ Ke7 16. Nxa8 Bxa8 17. Bxa5 Nf6 18. Bxb5 Qe6 19. Rhe1 Rb8 20. a4 Nxe4 21.
Rxe4 Bxe4 22. Bc7 Nd3+ 23. cxd3 Rc8 24. dxe4 Rxc7+ 25. Kb1 Qxe4+ 26. Bd3 Qxf4
27. Re1+ Kd8 28. Qa5 Qd2 29. Qa8+ Rc8 30. Re8+ Kxe8 31. Qxc8+ Ke7 32. Qc7+ Kf8
33. Qxd6+ Kg8 34. Qd8+ Kh7 35. Qd7 Qc1+ 36. Ka2 Bg7 37. Qb5 Qd2 38. Qxh5+ Kg8
39. Qe2 Qb4 40. Bb5 Qd4 41. Bc4 Qa7 42. Bb3 Qd4 43. Qe8+ Kh7 44. Qe2 Kg8 45. g3
Qb4 46. Qe8+ 1-0